Online
Catalog

Ensayos / (Record no. 25359)

MARC details
000 -CABECERA
campo de control de longitud fija 00756nam a2200229 a 4500
001 - NÚMERO DE CONTROL
campo de control 000025867
005 - FECHA Y HORA DE LA ÚLTIMA TRANSACCIÓN
campo de control 20200930024118.0
008 - DATOS DE LONGITUD FIJA--INFORMACIÓN GENERAL
campo de control de longitud fija 110217s1993 uy r 000 | spa d
040 ## - FUENTE DE LA CATALOGACIÓN
Centro catalogador/agencia de origen DO-SdBNP
Lengua de catalogación spa
Centro/agencia transcriptor BNPHU
082 ## - NÚMERO DE LA CLASIFICACIÓN DECIMAL DEWEY
Número de clasificación U864.2
Número de documento/Ítem R457e
049 ## - FONDOS LOCALES (OCLC)
Fondos de biblioteca BNGR
100 1# - ENTRADA PRINCIPAL--NOMBRE DE PERSONA
Nombre de persona Reyes, Carlos,
9 (RLIN) 10782
245 10 - MENCIÓN DE TÍTULO
Título Ensayos /
Mención de responsabilidad, etc. Carlos Reyes; prólogo Arturo Sergio Visca.
260 ## - PUBLICACIÓN, DISTRIBUCIÓN, ETC.
Lugar de publicación, distribución, etc. México, D. F. :
Nombre del editor, distribuidor, etc. ADN :
-- Consejo Nacional para la Cultura y las Artes,
Fecha de publicación, distribución, etc. 1993.
300 ## - DESCRIPCIÓN FÍSICA
Extensión 3 v. ;
Dimensiones 18 cm.
490 1# - MENCIÓN DE SERIE
Mención de serie Clásicos Uruguayos
Designación de volumen o secuencia 85
500 ## - NOTA GENERAL
Nota general Incluye notas al pie de páginas
650 #4 - PUNTO DE ACCESO ADICIONAL DE MATERIA--TÉRMINO DE MATERIA
Término de materia o nombre geográfico como elemento de entrada Ensayos uruguayos
9 (RLIN) 3053
650 #4 - PUNTO DE ACCESO ADICIONAL DE MATERIA--TÉRMINO DE MATERIA
Término de materia o nombre geográfico como elemento de entrada Literatura paraguaya
9 (RLIN) 15641
700 1# - PUNTO DE ACCESO ADICIONAL--NOMBRE DE PERSONA
Nombre de persona Visca, Arturo Sergio ,
Término indicativo de función/relación pról.
9 (RLIN) 16277
830 #0 - PUNTO DE ACCESO ADICIONAL DE SERIE-TÍTULO UNIFORME
Título uniforme Clásicos Uruguayos,
Designación de volumen o secuencia 85
9 (RLIN) 16278
Holdings
Estado de retiro Estado de pérdida Restricciones de uso No para préstamo Código de colección Localización permanente Ubicación/localización actual Ubicación en estantería Fecha de adquisición Número de inventario Total de préstamos Signatura topográfica completa Código de barras Fecha visto por última vez Precio válido a partir de Tipo de ítem Koha
      Excluido de préstamo Monografías: Libros y Folletos General General En catalogación 23.02.2011 LF1   v.1 25867-10 25.06.2020 25.06.2020 No se presta
      Excluido de préstamo Monografías: Libros y Folletos General General En catalogación 23.02.2011 LF1   v.2 25867-20 25.06.2020 25.06.2020 No se presta

Powered by Koha